[Event "Challenge"]
[Site "http://www.queenalice.com/game.php?id=120550"]
[Date "2006.10.24"]
[Round "-"]
[White "Crema"]
[Black "CCapivara"]
[Result "1-0"]
[WhiteElo "1787"]
[BlackElo "1952"]

1. e4 c5 2. Nf3 Nc6 3. Bb5 d6 4. c3 Nf6 5. d4 cxd4 6. cxd4 Qa5+ 7. Nc3 Nxe4 8.
Qd3 Nxc3 9. bxc3 Bd7 10. O-O Rc8 11. c4 g6 12. d5 Nb8 13. Bxd7+ Nxd7 14. Bb2 f6
15. Rfe1 Ne5 16. Bxe5 fxe5 17. Rab1 b6 18. Ng5 Qxa2 19. Qh3 Qxc4 20. Qe6 Rc5 21.
Ne4 Kd8 22. Nxc5 dxc5 23. Qxe5 1-0

[Event "Challenge"]
[Site "http://www.queenalice.com/game.php?id=120553"]
[Date "2006.10.24"]
[Round "-"]
[White "fertaka"]
[Black "Crema"]
[Result "0-1"]
[WhiteElo "1975"]
[BlackElo "1500"]

1. d4 Nf6 2. c4 d6 3. Nc3 e5 4. Bg5 c6 5. Qc2 exd4 6. Ne4 Be7 7. O-O-O Nbd7 8.
Rxd4 Qa5 9. Kb1 Nxe4 10. Bxe7 Kxe7 11. Rxe4+ Kf8 12. Nf3 Nf6 13. Rd4 g5 14. e4
g4 15. Nh4 Qe1+ 16. Qc1 Qxf2 17. Qh6+ Ke7 18. Rd1 g3 19. Bd3 Bg4 20. Rhf1 Bxd1
21. Rxf2 gxf2 22. Nf5+ Ke6 23. Ng7+ Ke7 24. Nf5+ Ke6 25. Ng7+ Ke7 26. Nf5+ Ke6
27. Nxd6 Rad8 28. e5 Kxe5 29. Nxf7+ Ke6 30. Nxh8 Rxd3 31. Qf4 Rf3 32. gxf3 f1=Q
33. Qe3+ Kd7 34. Qd4+ Nd5 35. Qg7+ Kd6 36. Nf7+ Kc5 37. Qf8+ Kb6 38. Qh6 Bxf3+
39. Kc2 Be4+ 40. Kb3 Qd3+ 41. Ka4 Qxc4+ 0-1

[Event "Challenge"]
[Site "http://www.queenalice.com/game.php?id=120998"]
[Date "2006.10.24"]
[Round "-"]
[White "Crema"]
[Black "gvbarbosa"]
[Result "0-1"]
[WhiteElo "1769"]
[BlackElo "1781"]

1. e4 e5 2. Nf3 Nc6 3. Bc4 Nf6 4. d3 Bb4+ 5. c3 Bc5 6. O-O O-O 7. h3 d6 8. Re1
Bd7 9. Nbd2 a5 10. Nf1 Be6 11. Bb3 Bxb3 12. axb3 h6 13. Ng3 d5 14. exd5 Qxd5 15.
c4 Qd6 16. Nf5 Qd7 17. N3h4 Kh8 18. Qf3 Qe6 19. Nxg7 Kxg7 20. Nf5+ Kg6 21. Bxh6
Qxf5 22. Qxf5+ Kxf5 23. Bxf8 Bxf8 24. Re3 Ra6 25. Rae1 Bh6 0-1

[Event "Challenge"]
[Site "http://www.queenalice.com/game.php?id=121001"]
[Date "2006.10.24"]
[Round "-"]
[White "Redtom"]
[Black "Crema"]
[Result "0-1"]
[WhiteElo "1887"]
[BlackElo "1500"]

1. e4 c5 2. Nf3 d6 3. d4 cxd4 4. Nxd4 Nf6 5. Nc3 g6 6. f3 Bg7 7. Be3 O-O 8. g4
Nc6 9. h4 Ne5 10. Be2 h5 11. gxh5 Nxh5 12. Rg1 e6 13. Bf2 Nf4 14. Bf1 Nc6 15.
Nxc6 bxc6 16. Bg3 Nh5 17. Bxd6 Qxh4+ 18. Ke2 Ba6+ 19. Ke3 Bh6+ 20. Kd4 Qf2+ 0-1

[Event "Challenge"]
[Site "http://www.queenalice.com/game.php?id=121002"]
[Date "2006.10.24"]
[Round "-"]
[White "gvbarbosa"]
[Black "Crema"]
[Result "1-0"]
[WhiteElo "1772"]
[BlackElo "1826"]

1. e4 c5 2. Nf3 d6 3. Bc4 Nf6 4. Nc3 g6 5. d3 Bg7 6. O-O O-O 7. Be3 Nc6 8. a3
Bg4 9. h3 Bxf3 10. Qxf3 Ne5 11. Qe2 Nxc4 12. dxc4 Qd7 13. Rfe1 Nh5 14. Rad1 Bxc3
15. bxc3 Qa4 16. e5 Rad8 17. exd6 exd6 18. Qd3 Qxa3 19. Ra1 1-0

[Event "Challenge"]
[Site "http://www.queenalice.com/game.php?id=121095"]
[Date "2006.10.25"]
[Round "-"]
[White "Crema"]
[Black "simina"]
[Result "0-1"]
[WhiteElo "1873"]
[BlackElo "1913"]

1. e4 e5 2. Nf3 Nc6 3. Bc4 Nf6 4. d3 Be7 5. c3 O-O 6. O-O d5 7. exd5 Nxd5 8. Re1
Bf6 9. Bxd5 Qxd5 10. c4 Qd6 11. Nc3 Be6 12. Be3 Nb4 13. Qb3 b6 14. c5 bxc5 15.
Qa4 Nxd3 16. Red1 Nxb2 17. Qc2 Nxd1 18. Rxd1 Qc6 19. Ne4 Be7 20. Nxe5 Qa6 21.
Bxc5 Bxc5 22. Ng5 g6 23. Qxc5 Qxa2 24. Nc6 Qe2 25. Ne7+ Kg7 26. Nxe6+ fxe6 27.
Qc3+ e5 28. Rf1 Rf7 29. Nc6 Rf5 30. Ne7 Rg5 31. Nd5 Rc8 32. Qc6 Rf8 33. Nxc7 Kh6
34. Qa4 Qg4 0-1

[Event "Challenge"]
[Site "http://www.queenalice.com/game.php?id=121105"]
[Date "2006.10.25"]
[Round "-"]
[White "tubarov"]
[Black "Crema"]
[Result "0-1"]
[WhiteElo "1588"]
[BlackElo "1758"]

1. c4 c6 2. Nc3 d5 3. cxd5 cxd5 4. Nf3 Nf6 5. d3 Nc6 6. Qa4 e6 7. Nd4 Bd7 8.
Nxc6 Bxc6 9. Qh4 Be7 10. Qg3 d4 11. Ne4 Bxe4 12. dxe4 Bb4+ 13. Bd2 Bxd2+ 14.
Kxd2 Nxe4+ 0-1

[Event "Challenge"]
[Site "http://www.queenalice.com/game.php?id=121252"]
[Date "2006.10.25"]
[Round "-"]
[White "G0LES"]
[Black "Crema"]
[Result "1-0"]
[WhiteElo "2186"]
[BlackElo "1500"]

1. d4 Nf6 2. c4 d6 3. Nf3 Bf5 4. g3 c5 5. Bg2 Nbd7 6. O-O h5 7. Nc3 h4 8. gxh4
cxd4 9. Nxd4 Bg6 10. Bxb7 Rb8 11. Nc6 Qc7 12. Nxb8 Nxb8 13. Qa4+ Nbd7 14. Qxa7
Rxh4 15. Nb5 Rg4+ 16. Bg2 Qxa7 17. Nxa7 Rxc4 18. Be3 Ng4 19. Bd2 e6 20. Rac1 Ra4
21. Rc8+ Ke7 22. Nc6+ Kf6 23. Ba5 Be4 24. Bd8+ Kg6 25. Bxe4+ 1-0

[Event "AUTO-INT-222"]
[Site "http://www.queenalice.com/game.php?id=121435"]
[Date "2006.10.25"]
[Round "1"]
[White "Shydo"]
[Black "Crema"]
[Result "0-1"]
[WhiteElo "1691"]
[BlackElo "1850"]

1. d4 Nf6 2. c4 d6 3. Nc3 e5 4. e3 e4 5. f3 Bf5 6. Be2 Nbd7 7. Qb3 c5 8. Qxb7
Rb8 9. Qxa7 cxd4 10. Qxd4 Nc5 11. Qd1 Be7 12. fxe4 Nfxe4 13. Nxe4 Bxe4 14. Nf3
O-O 15. O-O Bf6 16. Rb1 Bxb1 17. b3 Bxa2 18. Nd4 Bxd4 19. exd4 Bxb3 20. Qe1 Ne6
21. d5 Nd4 22. Bb2 Qb6 23. Kh1 Rfe8 24. Qh4 Nxe2 25. Qh5 Nf4 26. Qg5 Ng6 27. Qf5
Re7 28. Qd3 Rbe8 29. Qc3 f6 30. c5 Qxc5 31. Qxc5 dxc5 32. Bc3 Re1 33. Bxe1 Bxd5
34. Bc3 Ne5 35. h3 Nd3 36. Ra1 Nf4 37. Kg1 Ne2+ 38. Kh2 Nxc3 39. Rc1 Re2 40.
Rxc3 Rxg2+ 41. Kh1 Rc2+ 42. Kg1 Rxc3 43. h4 Rc2 44. Kf1 c4 45. Ke1 c3 46. Kd1
Bb3 47. Ke1 Rd2 0-1

[Event "AUTO-INT-222"]
[Site "http://www.queenalice.com/game.php?id=121436"]
[Date "2006.10.25"]
[Round "1"]
[White "Crema"]
[Black "Shydo"]
[Result "1-0"]
[WhiteElo "1805"]
[BlackElo "1697"]

1. e4 c5 2. Nf3 d6 3. d4 cxd4 4. Nxd4 e6 5. Nc3 a6 6. Be3 Nf6 7. g4 e5 8. Nf5
Bxf5 9. exf5 d5 10. Bg5 d4 11. Ne4 Nbd7 12. h4 Qa5+ 13. Bd2 Bb4 14. Bg2 Bxd2+
15. Qxd2 Qxd2+ 16. Kxd2 Rb8 17. g5 Nxe4+ 18. Bxe4 O-O 19. h5 Nc5 20. f3 Nxe4+
21. fxe4 Rbc8 22. h6 g6 23. Raf1 b5 24. Rf3 Rc4 25. Rhf1 Rc7 26. fxg6 hxg6 27.
h7+ Kxh7 28. Rh1+ Kg7 29. Rfh3 Rg8 30. Ra3 Ra7 31. Rah3 a5 32. Rh7+ Kf8 33. Rf1
b4 34. Rh6 a4 35. Rh3 Ke7 36. Rhf3 Rf8 37. Rf6 b3 38. axb3 axb3 39. cxb3 Rb7 40.
R1f3 Ra7 41. Rc6 Rh8 42. Rc5 Rh2+ 43. Kd3 Rxb2 44. Rxe5+ Kd6 45. Rd5+ Ke7 46.
Kxd4 Ra3 47. Rb5 Rd2+ 48. Ke5 Rda2 49. Rb7+ Kd8 50. Rfxf7 Ra5+ 51. Kd4 Rd2+ 52.
Kc3 1-0

[Event "AUTO-INT-222"]
[Site "http://www.queenalice.com/game.php?id=121447"]
[Date "2006.10.25"]
[Round "1"]
[White "eraswsky"]
[Black "Crema"]
[Result "1-0"]
[WhiteElo "1847"]
[BlackElo "1731"]

1. d4 Nf6 2. c4 d6 3. Nc3 e5 4. dxe5 dxe5 5. Qxd8+ Kxd8 6. Bg5 c6 7. Nf3 Nd7 8.
O-O-O Kc7 9. g3 Ng4 10. Be3 Nxe3 11. fxe3 Bc5 12. Rd3 f6 13. Bh3 h5 14. Rhd1 Nb6
15. Bxc8 Raxc8 16. Ne4 Be7 17. Nh4 Rcd8 18. b3 Rxd3 19. exd3 Rd8 20. Nf5 Bf8 21.
d4 g6 22. Nh4 Bh6 23. Nxg6 Rxd4 24. Rxd4 exd4 25. Nxf6 Bxe3+ 26. Kc2 Bg1 27. h3
Nd7 28. Nxh5 Nc5 29. Ne5 Kd6 30. Nd3 Ne4 31. g4 Ng5 32. h4 1-0

[Event "AUTO-INT-222"]
[Site "http://www.queenalice.com/game.php?id=121448"]
[Date "2006.10.25"]
[Round "1"]
[White "Crema"]
[Black "eraswsky"]
[Result "0-1"]
[WhiteElo "1747"]
[BlackElo "1834"]

1. e4 Nf6 2. Nc3 d5 3. exd5 Nxd5 4. Bc4 e6 5. Bxd5 exd5 6. d4 Bb4 7. Nf3 Bg4 8.
O-O O-O 9. Qd3 c6 10. Ne5 Be6 11. Ne2 Nd7 12. Nxd7 Qxd7 13. c3 Bd6 14. Ng3 f5
15. f4 Rae8 16. Bd2 g6 17. Qf3 Bf7 18. Rae1 b6 19. h4 c5 20. h5 Qb5 21. hxg6
hxg6 22. Nxf5 gxf5 23. Qg3+ Kh7 24. Qh4+ Kg7 25. Rf3 Rxe1+ 26. Bxe1 Qe2 27. Bf2
Qd1+ 28. Kh2 Rh8 29. Rg3+ Bg6 30. Rxg6+ Kxg6 31. Qxh8 Bxf4+ 32. g3 Qe2 33. Qg8+
Kh5 34. Qh7+ Bh6 35. Qxf5+ Bg5 0-1

[Event "AUTO-INT-222"]
[Site "http://www.queenalice.com/game.php?id=121455"]
[Date "2006.10.25"]
[Round "1"]
[White "Crema"]
[Black "bleve"]
[Result "0-1"]
[WhiteElo "1717"]
[BlackElo "1621"]

1. e4 e5 2. Nf3 Nc6 3. d4 f6 4. dxe5 fxe5 5. Bc4 Nf6 6. O-O Nxe4 7. Re1 d6 8.
Qd5 Qf6 9. Qxe4 Bf5 10. Qd5 Be6 11. Qxe6+ Qxe6 12. Bxe6 Nd8 13. Bb3 Nc6 14. Nc3
O-O-O 15. Bg5 Be7 16. Bxe7 Nxe7 0-1

[Event "AUTO-INT-222"]
[Site "http://www.queenalice.com/game.php?id=121456"]
[Date "2006.10.25"]
[Round "1"]
[White "bleve"]
[Black "Crema"]
[Result "1-0"]
[WhiteElo "1653"]
[BlackElo "1693"]

1. e4 c5 2. Nc3 d6 3. Nf3 Nf6 4. Be2 Nc6 5. O-O g6 6. d4 cxd4 7. Nxd4 Bg7 8.
Ncb5 O-O 9. Bd3 a6 10. Be3 axb5 11. Nxb5 Be6 12. c4 Ne5 13. f4 Neg4 14. Qf3 Nxe3
15. Qxe3 Ng4 16. Qd2 1-0

[Event "Challenge"]
[Site "http://www.queenalice.com/game.php?id=124455"]
[Date "2006.11.2"]
[Round "-"]
[White "CCapivara"]
[Black "Crema"]
[Result "1-0"]
[WhiteElo "1972"]
[BlackElo "1781"]

1. e4 c5 2. Nf3 d6 3. d4 cxd4 4. Nxd4 Nf6 5. Nc3 g6 6. Be3 Bg7 7. f3 O-O 8. Qd2
Nc6 9. O-O-O Nxd4 10. Bxd4 Be6 11. h4 h5 12. Be2 Qa5 13. Kb1 a6 14. g4 Rfc8 15.
a3 b5 16. gxh5 Nxh5 17. Bxg7 Kxg7 18. Rhg1 Bc4 19. Bxc4 bxc4 20. Rg5 Rc5 21.
Rdg1 Rb8 22. Qd4+ Nf6 23. Rxc5 dxc5 24. Qxc4 Qxa3 25. b3 Rb4 26. Qe2 c4 27. Na2
cxb3 28. Nxb4 Qxb4 29. Rg2 b2 30. c4 Qc3 31. Qc2 Qxf3 32. c5 Nxe4 33. c6 Nc3+
34. Kxb2 Na4+ 35. Qxa4 Qxg2+ 36. Qc2 Qg4 37. c7 Qc8 38. Qc6 Kf8 39. Kc3 e6 40.
Kd4 Ke7 41. Ke5 f6+ 42. Ke4 a5 43. Qc3 e5 44. Qxa5 Kd7 45. Qd5+ Ke7 46. Qc6 Qg4+
47. Kd3 Qh3+ 48. Kc4 Qc8 49. Kc5 1-0

[Event "Challenge"]
[Site "http://www.queenalice.com/game.php?id=132250"]
[Date "2006.11.22"]
[Round "-"]
[White "AlBErTy"]
[Black "Crema"]
[Result "1-0"]
[WhiteElo "1965"]
[BlackElo "1796"]

1. d4 Nf6 2. Nf3 d5 3. c4 dxc4 4. e3 e6 5. Bxc4 c5 6. O-O a6 7. a4 Nbd7 8. Nc3
Be7 9. e4 cxd4 10. Nxd4 O-O 11. Be3 Qc7 12. Bb3 Qb8 13. Qe2 Nc5 14. Bc2 e5 15.
Nf5 Bxf5 16. exf5 1-0